01770nam a2200301Ia 4500001000600000003000900006008004100015040001300056040001300069041001300082100002100095100002900116245007500145245007400220250001100294260001100305260001300316260004900329300005700378500071400435650001601149650003101165942000701196957000601203999001701209999000601226952023601232H1596IT-RoPAU130308s9999 xx 000 0 und d aIT-RoPAU cIT-RoPAU aITALIANO aCosenza Giovanna gCodice Aut. SPICS: 31043 aPragmatica di Paul Grice (La): intenzioni, significato, comunicazione  bPragmatica di Paul Grice (La): Intenzioni, Significato, Comunicazione a1a ed. aMILANO bBompiani c2002 [1° Ed.:2002 - Ed.Ling.Originale:2002] a"340 p. (prefazione: no ; testo: 340 [pagine: 0-0])" a"Grice e la Filosofia del Linguaggio Ordinario di Oxford. Significato Naturale e Significato Non Naturale. Prima Definizione del Significato Occasionale dell'Emittente. Modifiche della Definizione del Significato Occasionale dell'Emittente. Definizione del Significato convenzionale Nei termini del Significato Occasionale dell'Emittente. Teoria dell'Implicatura: Dire e Implicare; Principio di Cooperazione; calcolo dell'Implicatura Conversazionale;Osservanza del Principio di Cooperazione; violazione delle Massime; Sfruttamento delle massime di Quantità, Qualità, relazione e Modalita'; un Testper L'Implicatura Conversazionale. Limiti e Possibilità dell'Analisi di Grice. Riferimenti Bibliografici." aLINGUISTICA eCodice materia Spics: 3201 cBK 71 c87843d87843 g1 0010406H_000000000000000_159671aSPICSbSPICSd2013-03-08l0oH1596r2013-03-08 00:00:00w2013-03-08yBKzProgressivo inserimento: 2785 / N. Volumi: 1 Copie: 1 / data import: 1 marzo 2013 - By Epidotti, Trombetti, Vaglietti.